<?xml version="1.0" encoding="UTF-8"?>
<collection xmlns="http://www.loc.gov/MARC21/slim">
<record>
  <controlfield tag="001">6852</controlfield>
  <controlfield tag="005">20240306084859.0</controlfield>
  <datafield tag="037" ind1=" " ind2=" ">
    <subfield code="a">SCART-2024-0098</subfield>
  </datafield>
  <datafield tag="100" ind1=" " ind2=" ">
    <subfield code="a">Jiang, Guo</subfield>
  </datafield>
  <datafield tag="245" ind1=" " ind2=" ">
    <subfield code="a">GPS/Galileo/BDS phase bias stream from Wuhan IGS analysis center for real-time PPP ambiguity resolution</subfield>
  </datafield>
  <datafield tag="260" ind1=" " ind2=" ">
    <subfield code="c">2024</subfield>
  </datafield>
  <datafield tag="520" ind1=" " ind2=" ">
    <subfield code="a">While few phase bias streams are available from the IGS Real-time Service Phase, such products are essential to enable PPP ambiguity resolution. Satellite phase biases and clocks should be estimated when fixing undifferenced ambiguities in a network solution, which is troublesome in real time and thus usually not done in practice. This study estimates real-time GPS/Galileo/BDS ambiguity-fixed multi-frequency raw phase biases from GNSS observation modeling. Multi-frequency narrow-lane and wide-lane uncalibrated phase delays (UPDs) are first extracted from the float ambiguities of the stations. Multi-frequency raw ambiguities are then resolved to form unambiguous carrier-range observations. Finally, the satellite phase observable-specific signal biases (phase OSBs) are estimated directly from the real-time network data processing using carrier-range observations only. The approach has been applied to generate real-time phase bias products at the Wuhan IGS analysis center. Real-time products are routinely calculated by 180 globally distributed stations. This study validates the approach and associated products using one week of data. The results show that triple-frequency kinematic PPP-AR based on the ambiguity-fixed phase OSBs can converge in 7.2 min on average, while those based on UPD products take 11.2 min to converge. The other software, PRIDE PPP-AR is used to validate the high-precision static positioning performance of the real-time OSB products. The results show that 82%, 85% and 76% of GPS, Galileo and BDS-3 narrow-lane ambiguities can be resolved successfully among global stations, achieving a mean positioning accuracy of 3.1, 3.0 and 6.0 mm for the east, north and up components.</subfield>
  </datafield>
  <datafield tag="594" ind1=" " ind2=" ">
    <subfield code="a">NO</subfield>
  </datafield>
  <datafield tag="700" ind1=" " ind2=" ">
    <subfield code="a">Jianghui, Geng</subfield>
  </datafield>
  <datafield tag="700" ind1=" " ind2=" ">
    <subfield code="a">Jing, Zeng</subfield>
  </datafield>
  <datafield tag="700" ind1=" " ind2=" ">
    <subfield code="a">Xiangyu, Song</subfield>
  </datafield>
  <datafield tag="700" ind1=" " ind2=" ">
    <subfield code="a">Pascale, Defraigne</subfield>
  </datafield>
  <datafield tag="773" ind1=" " ind2=" ">
    <subfield code="p">GPS Solutions</subfield>
    <subfield code="y">2024</subfield>
  </datafield>
  <datafield tag="856" ind1="0" ind2=" ">
    <subfield code="f">jiang.guo@ksb-orb.be</subfield>
  </datafield>
  <datafield tag="905" ind1=" " ind2=" ">
    <subfield code="a">published in</subfield>
  </datafield>
  <datafield tag="980" ind1=" " ind2=" ">
    <subfield code="a">REFERD</subfield>
  </datafield>
</record>
</collection>